NFL QB BACKUPS! - Statistics

General Stats
  • This quiz has been taken 30 times
  • The average score is 15 of 32
Answer Stats
Hint Answer % Correct
Packers Jordan Love
93%
Saints Andy Dalton
82%
Cowboys Cooper Rush
75%
Seahawks Drew Lock
75%
49ers Jimmy Garoppolo
71%
Ravens Tyler Huntley
71%
Eagles Gardner Minshew
68%
Dolphins Teddy Bridgewater
68%
Steelers Kenny Pickett
64%
Giants Tyrod Taylor
64%
Jets Joe Flacco
57%
Bucs Blaine Gabbert
54%
Chiefs Chad Henne
54%
Commanders Taylor Heinicke
54%
Browns Deshaun Watson
50%
Cardinals Colt McCoy
46%
Rams John Wolford
46%
Patriots Brian Hoyer
43%
Bills Case Keenum
43%
Bengals Brandon Allen
39%
Chargers Chase Daniel
39%
Texans Kyle Allen
39%
Bears Trevor Siemian
36%
Vikings Sean Mannion
32%
Lions Tim Boyle
32%
Jags CJ Beathard
29%
Falcons Desmond Ridder
29%
Raiders Nick Mullens
29%
Titans Malik Willis
25%
Colts Sam Ehlinger
18%
Panthers Matt Corral
4%
Broncos Brett Rypein
0%
No matching quizzes found
Score Distribution
Percent of People with Each Score
Percentile by Number Answered
Your Score History
You have not taken this quiz